Introduction to management science / (Record no. 2135)

MARC details
000 -LEADER
fixed length control field 00619nam a2200205 a 4500
001 - CONTROL NUMBER
control field 2137
005 - DATE AND TIME OF LATEST TRANSACTION
control field 20221127090353.0
008 - FIXED-LENGTH DATA ELEMENTS--GENERAL INFORMATION
fixed length control field 100613s lxxua | 00100 eng d
020 ## - INTERNATIONAL STANDARD BOOK NUMBER
International Standard Book Number 0132457571 :
Terms of availability SR221.00
035 ## - SYSTEM CONTROL NUMBER
System control number 243
082 04 - DEWEY DECIMAL CLASSIFICATION NUMBER
Classification number 658.4032
Item number T212 2010
100 1# - MAIN ENTRY--PERSONAL NAME
Personal name Taylor, Bernard W.
245 10 - TITLE STATEMENT
Title Introduction to management science /
Statement of responsibility, etc. Bernard W. Taylor.
250 ## - EDITION STATEMENT
Edition statement 10th ed.
260 ## - PUBLICATION, DISTRIBUTION, ETC.
Place of publication, distribution, etc. Upper Saddle River, NJ :
Name of publisher, distributor, etc. Pearson/Prentice Hall,
Date of publication, distribution, etc. 2010.
300 ## - PHYSICAL DESCRIPTION
Extent 831 p. :
Other physical details ill. ;
Dimensions 26 cm.
504 ## - BIBLIOGRAPHY, ETC. NOTE
Bibliography, etc. note Includes bibl. references and index.
650 #4 - SUBJECT ADDED ENTRY--TOPICAL TERM
Topical term or geographic name entry element Management science.
650 #4 - SUBJECT ADDED ENTRY--TOPICAL TERM
Topical term or geographic name entry element Operations research.
Holdings
Withdrawn status Lost status Source of classification or shelving scheme Damaged status Not for loan Home library Current library Date acquired Total Checkouts Full call number Barcode Date last seen Copy number Price effective from Koha item type
              11/27/2022   658.4032 T212 2010 1000000006107 11/27/2022 C2 11/27/2022 Book
          CENTRAL CENTRAL 11/27/2022   658.4032 T212 2010 1000000003769 11/27/2022 C1 11/27/2022 Book